The German colonial empire 1884-1919

Saved in:
Bibliographic Details
Main Author: Henderson, W. O. (William Otto) 1904-
Format: Book
Language:English
Published: London : Frank Cass, 1993
Subjects:
Tags: Add Tag
No Tags, Be the first to tag this record!

MARC

LEADER 00000nam a2200000 i 4500
001 1/67963
008 931118s1993 eng d
020 |a 0-7146-3427-1 
035 |a ΛΕΣΒΟΣb10001988  |l 10001988 
040 |a GR-MY-UA  |b gre  |e aacr 
041 0 |a eng 
082 0 |a 325.34309 
100 1 |a Henderson, W. O. (William Otto)  |d 1904- 
245 1 4 |a The German colonial empire 1884-1919 /  |c W. O. Henderson 
260 |a London :   |b Frank Cass,   |c 1993 
300 |a 164 p.  |b maps; ill; tables 
504 |a Includes index. 
651 0 |a Germany  |x Colonies  |x History. 
852 |a INST  |b LESVOS  |e 19931118  |h 325.34309 HEN  |p 005100004573  |q 005100004573  |t BK  |y 0 
909 |a Λ  |b 032361